000 00479nam a2200169Ia 4500
005 20250923144441.0
008 008 250917s9999 xx 000 0 eng d
037 _aTextual
040 _aDSWL
_beng
_cDSWL
041 _aeng
_2eng
084 _qDSWL
245 0 _aBibliographical list in India in 1952
_cby Social Science Publication
260 _aNew Delhi
_b South Asia Science Co-operation
_c1953
300 _a176p.
942 _cTEXL
999 _c1439033
_d1439033